000 00934nam a2200265 a 4500
001 000025695
003 DO-SdBNP
005 20240402113624.0
007 ta
008 110221s2000 dr ab r 000 0 spa d
040 _aDO-SdBNP
_bspa
_cBNPHU
082 4 _a330.97293
_bC343h, 2000
_222
100 1 _aCassá, Roberto,
_d1948-
_910888
245 1 0 _aHistoria social y económica de la República Dominicana /
_cRoberto Cassá.
260 _aSanto Domingo :
_bAlfa y Omega,
_c2000.
300 _a2 v. :
_bil. ; map. ;
_c27 cm.
500 _aLa biblioteca posee el v.1
504 _aBibliografía : p. 191-197
590 _aInventariado, 2022/BT
651 4 _aRepública Dominicana
_xCondiciones económicas
_xHistoria
_91210
651 4 _aRepública Dominicana
_xCondiciones sociales
_xHistoria
_91211
651 4 _aRepública Dominicana
_xPoblación
_xHistoria
_91456
910 _aValidado. Control de calidad MFF
942 _2ddc
_cLBS1
999 _c25187
_d25187